00486nam a2200193Ia 4500003000400000005001700004008004100021020002200062040000700084041000800091082002100099100002000120245005200140250000600192260004600198300001600244365001300260650001900273OSt20230317162839.0210423s2017 xx 000 0 und d a978-93-5139-518-8 cAL aeng a336.2 223bGARB aGARG (Keshav R) aBharats GST ready reckoner with referencer Ed 4 a4 aNew DelhibBharat Law House Pvt Ltdc2017 axvi,564bPB b950cINR aPublic Finance